| 000 | 00560nam a22001937a 4500 | ||
|---|---|---|---|
| 005 | 20260622112651.0 | ||
| 010 | _aENG-148902 | ||
| 020 |
_a9789392595783 _c800.00 |
||
| 035 | _aEN-132434 | ||
| 037 |
_bDBAD _aDPL |
||
| 082 |
_a759.954 _21 |
||
| 100 | _aLow, Bhupender | ||
| 245 |
_aIndian Acrylic Painting/ _cBhupender Low |
||
| 250 | _b1 | ||
| 260 |
_aIndia _bRishabh Books _c2024 |
||
| 270 |
_a22/4735 Prakash Deep Building,Ansari Raod, Darya Ganj, _bNew Delhi _e110002 |
||
| 300 |
_a159p. _c23cm.(Hb) |
||
| 942 |
_2ddc _cEN _h759.954 _mLOW |
||
| 999 |
_c216753 _d216753 |
||